Ako prekladať do angličtiny adketívum odborný

Základné delenie literatúry. Problém prekladu slovného spojenia odborná literatúra.

Na minha lista:
Detalhes bibliográficos
Autor principal: Pauleová, Milada
Formato: Capítulo de Livro
Idioma:eslovaco
Assuntos:
Tags: Adicionar Tag
Sem tags, seja o primeiro a adicionar uma tag!

MARC

LEADER 00000naa a2200000 4500
001 0166127
005 20240502072909.1
041 0 |a slo 
044 |a SK 
245 1 0 |a Ako prekladať do angličtiny adketívum odborný  |c Milada Pauelová 
520 |a Základné delenie literatúry. Problém prekladu slovného spojenia odborná literatúra. 
610 2 0 |a angličtina 
610 2 0 |a jazyky cudzie 
610 2 0 |a literatúra 
610 2 0 |a preklady odborné 
100 1 |a Pauleová, Milada